000 00623nam a2200229Ia 4500
001 15661
003 GE_BSU
008 181216s||||||||xx |||||||||||||| ||und||
040 _cGE_BSU
080 _a821.353.1-1
100 _aცეცხლაძე, გ.
245 _aრჩეული
245 _bლექსები,პოემა
245 _cრედ.ი.ლისაშვილი
260 _aთბილისი
260 _bფედერაცია
260 _c1939
300 _a121გვ. ; 15სმ
653 _aლექსები
653 _aრჩეული
942 _cBK
999 _c48760
_d48760